| 000 | 00599nam a2200181 a 4500 | ||
|---|---|---|---|
| 005 | 20231118063629.0 | ||
| 008 | 991125s1968 mx 000 0 spa u | ||
| 035 | _aUPN01000023737 | ||
| 049 | _aCG | ||
| 050 | 4 |
_aLB1585 _bS3.48 |
|
| 100 | 1 | _aSalem, Donald | |
| 245 | 1 | 0 |
_aExperiencias científicas para maestros de escuelas elementales / _cpor Donald Salem ; tr. Hortencia Corona de Cortin. |
| 260 |
_aMéxico : _bUTEHA, _c1968.394 |
||
| 300 | _a102 p. | ||
| 440 | 0 |
_aManuales UTEHA ; _v394. _pSección 17. _pEducación |
|
| 650 | 4 |
_aCiencia _xEstudio y enseñanza (Elemental) _97402 |
|
| 905 | _aLibro | ||
| 999 |
_c23737 _d23737 |
||